| 000 | 01432nam0a2200301 i 4500 | ||
|---|---|---|---|
| 001 | RU\NLR\BIBL_A\010584379 | ||
| 005 | 20241103125030.0 | ||
| 021 |
_aRU _b2014-85948 _95227 |
||
| 035 | _a(NILC)RuMoRGB-007657173 | ||
| 035 | _a(NLR Aleph) 010584379 | ||
| 090 |
_a10475691 _c10475691 |
||
| 100 | _a20150115d2013 um y0rusy50 ca | ||
| 101 | 0 | _arus | |
| 102 | _aRU | ||
| 105 | _ay|||j|||000yy | ||
| 200 | 1 |
_aБазовая компьютерная подготовка _eсборник задач _eметодическое пособие по курсу "Информационные технологии" для студентов, обучающихся по направлениям "Прикладная математика и информатика", "Радиотехника" _fВ.С. Зубов _gМ-во образования и науки Рос. Федерации, Нац. исслед. ун-т "МЭИ" |
|
| 210 |
_aМосква _cМЭИ _d2013 |
||
| 215 |
_a48, [1] с. _cил. _d20 |
||
| 313 | _aС++, язык | ||
| 320 | _aБиблиогр.: с. 48 (3 назв.) | ||
| 606 |
_aC++, язык программирования _jЗадачники _92072018 _3RU\NLR\AUTH\661246828 |
||
| 686 | 1 | _aЗ973.23-018.1я73-4 | |
| 700 | 1 |
_aЗубов _bВ. С. _gВалерий Сергеевич |
|
| 801 | 0 |
_aRU _bРГБ _c20141114 _gRCR |
|
| 942 | _cBOOK | ||
| 980 | _aNBR | ||